| 000 | 00469nam a2200169 i 4500 | ||
|---|---|---|---|
| 001 | bg | ||
| 100 | 1 | _aBUREK, Jan | |
| 245 | 0 |
_aKinematyka obrabiarek / _cJan Burek. |
|
| 260 |
_aRzeszów, _c1991 _aPolitechnika Rzeszowska im. Ignacego Łukasiewicza. |
||
| 300 |
_a217, [1] s. : _brys., wykr. ; _c23 cm. |
||
| 504 | _aBibliogr. s. [218]. | ||
| 040 | _cBPK | ||
| 041 | _apol | ||
| 080 | _a621.9:531.1](075.8) | ||
| 942 | _cKS | ||
| 008 | s pl f |000 0 pol | ||
| 999 |
_c6420 _d6420 |
||
| 856 |
_uhttp://koha.tu.koszalin.pl/cgi-bin/koha/opac-detail.pl?biblionumber=6420 _yKatalog online BPK |
||